Score 0/7 Timer 01:00
8 Plays Today
% Correct
Apricot
97.3%
Tangerine
96.6%
Peach
96.1%
Marigold
88.3%
Amber
85.5%
Saffron
77%
Nacarat
62.3%

Today's Daily Dose

You're not logged in!

Compare scores with friends on all Sporcle quizzes.
OR
Log In

Sporcle TV

Today on Sporcle TV


Watch our educational content, quiz creation guides, and fun videos on Sporcle TV.

Show Comments

Extras

Top Quizzes Today


Score Distribution

Your Account Isn't Verified!

In order to create a playlist on Sporcle, you need to verify the email address you used during registration. Go to your Sporcle Settings to finish the process.

Report this User

Report this user for behavior that violates our Community Guidelines.

Details: